Statistics for National Anthems of Rugby World Cup 2019 Teams

Click here to take the quiz!

General Stats

  • This quiz has been taken 17 times
  • The average score is 6 of 20

Answer Stats

TeamAnthem% Correct
EnglandGod Save the Queen
88%
CanadaO Canada
75%
ScotlandFlower of Scotland
69%
AustraliaAdvance Australia Fair
56%
New ZealandGod Defend New Zealand
56%
IrelandIreland’s Call
44%
FranceLa Marseillaise
44%
USAStar Spangled Banner
38%
WalesHen Wlad fy Nhadau
31%
FijiGod Bless Fiji
25%
South AfricaNkosi Sikelel’ iAfrika
19%
ArgentinaHimno Nacional Argentino
13%
ItalyIl Canto degli Italiani
13%
NamibiaNamibia, Land of the Brave
13%
UruguayHimno Nacional de Uruguay
6%
GeorgiaTavisupleba
6%
SamoaThe Banner of Freedom
6%
JapanKimgayo
0%
TongaKo e fasi ʻo e tuʻi ʻo e ʻOtu Tonga
0%
RussiaState Anthem of the Russian Federation
0%

Score Distribution

Percentile by Number Answered

Percent of People with Each Score

Your Score History

You have not taken this quiz